| 000 | 01602nam a22002895i 4500 | ||
|---|---|---|---|
| 001 | 153105 | ||
| 003 | ES-MaACL | ||
| 005 | 20251110063229.0 | ||
| 008 | 050811s1737 ne abf | |||||||| ||fre d | ||
| 040 |
_aCAM _bspa _cCAM |
||
| 100 | 1 |
_aChatelain, Henri, _d1684-1743 _9154971 |
|
| 245 | 1 | 0 |
_aAtlas historique ou Nouvelle introduction a l'histoire, à la chronologie & à la géographie ancienne & moderne _b: représentée dans de nouvelles cartes, où l'on remarque l'etablissement des etats & empires du monde, leu durée ... / _cpar Mr. C*** ; avec des dissertations sur l'histoire de chaque etat par Mr. Guedeville ; tome II, première partie, qui comprend l'Allemagne, la Prusse, la Hongrie & la Boheme. |
| 250 | _aNouvelle éd. revûë, corrigée [et] ... augmentée. | ||
| 260 |
_aA Amsterdam : _bchez Zacharie Chatelain libraire, _c1737. |
||
| 300 |
_a[16], 90 p., 41 h. de grab. ; _cFol. (46 cm) |
||
| 597 | _aSign.: [ ]2, *-3*2, A-D2, E1, F-Z2, 2A2. | ||
| 597 | _aTexto a dos col. | ||
| 597 | _aAntep. | ||
| 597 | _aPort. a dos tintas. | ||
| 599 | _aLas hh. de grab. calc., maps., tablas cronólogicas ... En la secuencia de las hh. de grab. se incluyen hh. de texto enmarcadas, que corresponden a la explicación de algunas de estas lám. | ||
| 599 | _aFront. calc.: "Rom: de Hooge invenit, Sluyter fecit" | ||
| 650 | 7 |
_aGeografía _2embne _913070 |
|
| 700 | 1 |
_aGueudeville, Nicolas, _d1652-1721? _9127608 |
|
| 852 |
_aES-MaACL _jR-1506 _z-- Enc. piel con hierros dorados, no original de la época _x Olim: G-3976-82 |
||
| 942 | _2udc | ||
| 999 |
_c153105 _d153105 |
||